00486nam a2200169Ia 4500003000400000008004100004040001600045082001500061100002800076245006800104700002100172700001900193260005000212300001100262650002000273650002300293GCL140319s9999 xx 000 0 eng d aGCL / cGCL04a338.74bWM1 aWESTON, J.F.vForwarder10aMERGERS, RESTRUCTURING, AND CORPORATE CONTROL. / cWESTON, J.F.1 aCHUING, KWANG S.1 aHOAG, SUSAN E. a[S.N] : bLITTLE, BROWN AND COMPANY ، c1990 a762 PP04aBANK MANAGEMENT04aCORPORATE PLANNING